00882nam a22002657a 450000500170000001000130001702000220003003500130005203700160006504000120008108200130009310000270010624500830013326000390021627000410025530000260029650000230032265000260034565000290037170000260040070000270042694200220045399900190047595201220049420170124110132.0 aA-902642 c50.00a8170143322 aA-902642 bCen Lib/Ret aDPLbEN a640bMAL aMalhan, Surjit 932445 aYour food and your home /cby Surjit Malhan, Sharda Gupta [and] Santosh Passi  aNew Delhi bSultan Chand and Sons  bNew Delhi a23, dariya ganj e110002 a305p.:c21m(Hb)bill. aIncludes appendix  aHealth science916285 aMeal planning z 932446 aGupta, Sharda 932447 aPassi, Santosh 932448 2ddccENh640mMAL c131673d131673 01104070aLbLd2015-07-15eCen Lib/Retg50.00l0o640 MALpA-902642r2015-07-15 00:00:00t1v50.00w2015-07-15yEN